<?xml version="1.0" encoding="UTF-8"?>
<record
    xmlns:xsi="http://www.w3.org/2001/XMLSchema-instance"
    xsi:schemaLocation="http://www.loc.gov/MARC21/slim http://www.loc.gov/standards/marcxml/schema/MARC21slim.xsd"
    xmlns="http://www.loc.gov/MARC21/slim">

  <leader>00973nam a22002297a 4500</leader>
  <controlfield tag="005">20150124125421.0</controlfield>
  <controlfield tag="008">131030t        mx||||| |||| 00| 0 spa d</controlfield>
  <datafield tag="050" ind1="0" ind2="4">
    <subfield code="a">HC137 .M53</subfield>
    <subfield code="b">E26 [1967]</subfield>
  </datafield>
  <datafield tag="245" ind1="0" ind2="3">
    <subfield code="a">La Econom&#xED;a del Estado de Michoac&#xE1;n /</subfield>
    <subfield code="c">Sistema Bancos de Comercio.</subfield>
  </datafield>
  <datafield tag="250" ind1=" " ind2=" ">
    <subfield code="a">1a. ed.</subfield>
  </datafield>
  <datafield tag="260" ind1=" " ind2=" ">
    <subfield code="a">M&#xE9;xico :</subfield>
    <subfield code="b">Sistema Bancos de Comercio,</subfield>
    <subfield code="c">[1967]</subfield>
  </datafield>
  <datafield tag="300" ind1=" " ind2=" ">
    <subfield code="a">66 p. :</subfield>
    <subfield code="b">maps., tabls. ;</subfield>
    <subfield code="c">28 cm.</subfield>
  </datafield>
  <datafield tag="440" ind1=" " ind2=" ">
    <subfield code="a">Estudios Econ&#xF3;micos Regionales</subfield>
  </datafield>
  <datafield tag="500" ind1=" " ind2=" ">
    <subfield code="a">Nota : Texto en copia fotost&#xE1;tica</subfield>
  </datafield>
  <datafield tag="504" ind1=" " ind2=" ">
    <subfield code="a">Incluye ap&#xE9;ndice e &#xED;ndice</subfield>
  </datafield>
  <datafield tag="650" ind1=" " ind2="7">
    <subfield code="2">LEMB</subfield>
    <subfield code="a">Poblaci&#xF3;n</subfield>
    <subfield code="z">Michoac&#xE1;n de Ocampo</subfield>
    <subfield code="z">M&#xE9;xico</subfield>
    <subfield code="v">Estad&#xED;sticas</subfield>
  </datafield>
  <datafield tag="650" ind1=" " ind2="7">
    <subfield code="2">LEMB</subfield>
    <subfield code="a">Estad&#xED;stica vital</subfield>
    <subfield code="z">Michoac&#xE1;n de Ocampo</subfield>
    <subfield code="z">M&#xE9;xico</subfield>
  </datafield>
  <datafield tag="650" ind1=" " ind2="7">
    <subfield code="2">LEMB</subfield>
    <subfield code="a">Vivienda</subfield>
    <subfield code="z">Michoac&#xE1;n de Ocampo</subfield>
    <subfield code="z">M&#xE9;xico</subfield>
    <subfield code="v">Estad&#xED;sticas</subfield>
  </datafield>
  <datafield tag="651" ind1=" " ind2="7">
    <subfield code="2">LEMB</subfield>
    <subfield code="a">Michoac&#xE1;n de Ocampo</subfield>
    <subfield code="x">Condiciones econ&#xF3;micas</subfield>
    <subfield code="z">M&#xE9;xico</subfield>
    <subfield code="v">Estad&#xED;sticas</subfield>
  </datafield>
  <datafield tag="651" ind1=" " ind2="7">
    <subfield code="2">LEMB</subfield>
    <subfield code="a">Michoac&#xE1;n de Ocampo</subfield>
    <subfield code="z">M&#xE9;xico</subfield>
    <subfield code="x">Condiciones sociales</subfield>
    <subfield code="v">Estad&#xED;sticas</subfield>
  </datafield>
  <datafield tag="942" ind1=" " ind2=" ">
    <subfield code="2">lcc</subfield>
    <subfield code="c">LIB</subfield>
  </datafield>
  <datafield tag="999" ind1=" " ind2=" ">
    <subfield code="c">44198</subfield>
    <subfield code="d">44198</subfield>
  </datafield>
  <datafield tag="952" ind1=" " ind2=" ">
    <subfield code="1">0</subfield>
    <subfield code="2">lcc</subfield>
    <subfield code="4">0</subfield>
    <subfield code="7">0</subfield>
    <subfield code="a">INV-033</subfield>
    <subfield code="b">INV-033</subfield>
    <subfield code="c">FM</subfield>
    <subfield code="d">2013-10-30</subfield>
    <subfield code="f">1</subfield>
    <subfield code="k">CA</subfield>
    <subfield code="o">HC137 .M53 E26 [1967]</subfield>
    <subfield code="p">IIH000012012</subfield>
    <subfield code="r">2013-10-30 00:00:00</subfield>
    <subfield code="t">C:1</subfield>
    <subfield code="v">1.00</subfield>
    <subfield code="y">LIB</subfield>
    <subfield code="z">MICHOAC&#xC1;N</subfield>
  </datafield>
</record>
